Harmony Korine and Juergen Teller: William Eggleston 414.

William Eggleston 414 is Harmony Korine and Juergen Teller's visual memoir of a road trip they took ten years ago with William Eggleston and his son, Winston, from Memphis to Mississippi. Featuring photos and short introductions by Korine and Teller, this record of their spontaneous, intimate j...

Full description

Bibliographic Details
Main Author: Teller, Juergen
Format: Book
Language:English
Published: [Place of publication not identified] : Steidl Druckerei und Verlag, Gerhard, 2020.
Subjects:

MARC

Tag First Indicator Second Indicator Subfields
LEADER 00000cam a2200000Ma 4500
001 in00004437113
008 210126s2020 xx 000 0 eng d
005 20250318220706.5
019 |a 1147891650 
020 |a 9783958297630 
020 |a 3958297633 
035 |a (OCoLC)on1235777448 
035 |a (OCoLC)1235777448  |z (OCoLC)1147891650 
040 |a TOH  |b eng  |c TOH  |d YDX  |d ERASA  |d EZK  |d OCLCF  |d UtOrBLW 
050 4 |a TR 
082 0 4 |a 770 
100 1 |a Teller, Juergen. 
245 1 0 |a Harmony Korine and Juergen Teller: William Eggleston 414. 
264 1 |a [Place of publication not identified] :  |b Steidl Druckerei und Verlag, Gerhard,  |c 2020. 
300 |a 144 pages 
336 |a text  |b txt  |2 rdacontent 
337 |a unmediated  |b n  |2 rdamedia 
520 |a William Eggleston 414 is Harmony Korine and Juergen Teller's visual memoir of a road trip they took ten years ago with William Eggleston and his son, Winston, from Memphis to Mississippi. Featuring photos and short introductions by Korine and Teller, this record of their spontaneous, intimate journey captures their love for each other through the shared experience of the American road, and combines images of gas stations, abandoned trucks, evangelical households, banal landscapes and hotel rooms with candid portraits. Certain photos cleverly re-visit Eggleston's own famous motifs-strings of colored electric lights, road signs, people in cars-and yet the star of the show is without doubt Eggleston himself, always impeccably groomed, whether seated at the kitchen table, holding the hand of cousin Maude Schuyler Clay, or playing the grand piano. --Publisher 
520 8 |a "We drove around for days. Miles and miles of dead barren cotton wool land, depressing countryside and abandoned towns. I asked Bill, 'Where are we going? Where the fuck are you taking us?' He replied laughing, 'I wanted to show you nothing'." --Juergen Teller, from text. 
600 1 0 |a Eggleston, William.  |0 http://id.loc.gov/authorities/names/n2009075682 
600 1 7 |a Eggleston, William.  |2 fast  |0 (OCoLC)fst01781240 
852 8 |b pda,print  |z This title is available for the library to purchase for your use. Click the "Purchase It For Me" button to place a request. This item may take 5-10 business days to arrive. 
955 |a Print PDA title 
999 f f |s 4cf478d2-8245-4060-a2ba-79917c8d8149  |i 418734d9-5a87-38ec-950e-2601a3412cf6  |t 0 
952 f f |a Texas A&M University  |b College Station  |c Sterling C. Evans Library  |d Purchase on Demand  |t 0  |e TR   |h Library of Congress classification 
998 f f |a TR   |t 0  |l Purchase on Demand